<?xml version="1.0" encoding="UTF-8"?>
<record
    xmlns:xsi="http://www.w3.org/2001/XMLSchema-instance"
    xsi:schemaLocation="http://www.loc.gov/MARC21/slim http://www.loc.gov/standards/marcxml/schema/MARC21slim.xsd"
    xmlns="http://www.loc.gov/MARC21/slim">

  <leader>03397nam a2200397 i 4500</leader>
  <controlfield tag="003">OSt</controlfield>
  <controlfield tag="005">20220609155958.0</controlfield>
  <controlfield tag="007">ta</controlfield>
  <controlfield tag="008">210831s2019    ck a   br6    000 1 spa d</controlfield>
  <datafield tag="020" ind1=" " ind2=" ">
    <subfield code="a">9789583057496</subfield>
  </datafield>
  <datafield tag="040" ind1=" " ind2=" ">
    <subfield code="a">CO-BoRNBP</subfield>
    <subfield code="b">spa</subfield>
    <subfield code="e">rda</subfield>
    <subfield code="c">CO-MqBPB</subfield>
  </datafield>
  <datafield tag="041" ind1="1" ind2=" ">
    <subfield code="a">spa</subfield>
    <subfield code="h">fre</subfield>
  </datafield>
  <datafield tag="082" ind1=" " ind2=" ">
    <subfield code="a">ALM</subfield>
    <subfield code="b">FERp</subfield>
  </datafield>
  <datafield tag="100" ind1="1" ind2=" ">
    <subfield code="a">Ferry, Luc</subfield>
    <subfield code="d">1951-</subfield>
    <subfield code="e">autor</subfield>
    <subfield code="9">186709</subfield>
  </datafield>
  <datafield tag="245" ind1="1" ind2="3">
    <subfield code="a">La sabidur&#xED;a de los mitos</subfield>
    <subfield code="b">Perseo y la gorgona Medusa </subfield>
    <subfield code="c">concebido y escrito por Luc Ferry ; traducci&#xF3;n Juan Fernando Merino ; gui&#xF3;n Clotilde Bruneau ; ilustraci&#xF3;n Didier Poli</subfield>
  </datafield>
  <datafield tag="250" ind1=" " ind2=" ">
    <subfield code="a">Primera edici&#xF3;n</subfield>
  </datafield>
  <datafield tag="264" ind1=" " ind2="1">
    <subfield code="a">Bogot&#xE1;</subfield>
    <subfield code="b">Panamericana Editorial</subfield>
    <subfield code="c">2019</subfield>
  </datafield>
  <datafield tag="300" ind1=" " ind2=" ">
    <subfield code="a">59 p&#xE1;ginas</subfield>
    <subfield code="b">ilustraciones, fotograf&#xED;as </subfield>
    <subfield code="c">27 cm</subfield>
  </datafield>
  <datafield tag="336" ind1=" " ind2=" ">
    <subfield code="2">rdacontent</subfield>
    <subfield code="a">texto</subfield>
    <subfield code="b">txt</subfield>
  </datafield>
  <datafield tag="337" ind1=" " ind2=" ">
    <subfield code="2">rdamedia</subfield>
    <subfield code="a">sin mediaci&#xF3;n</subfield>
    <subfield code="b">n</subfield>
  </datafield>
  <datafield tag="338" ind1=" " ind2=" ">
    <subfield code="2">rdacarrier</subfield>
    <subfield code="a">volumen</subfield>
    <subfield code="b">nc</subfield>
  </datafield>
  <datafield tag="490" ind1="0" ind2=" ">
    <subfield code="a">C&#xF3;mic Panamericana</subfield>
  </datafield>
  <datafield tag="500" ind1=" " ind2=" ">
    <subfield code="a">Rese&#xF1;a del libro
Esta es una adaptaci&#xF3;n de un mito griego a formato de novela gr&#xE1;fica. Las ilustraciones, muy bien logradas, imprimen la acci&#xF3;n requerida para el relato. El texto y las im&#xE1;genes se complementan a la perfecci&#xF3;n para narrar fielmente la historia, sin desvirtuar la original. Al final, el autor ofrece un importante material complementario que analiza el significado filos&#xF3;fico y el patrimonio cultural del mito. Narra la historia del rey Acrisio y ... Ver m&#xE1;s Ocultar Esta es una adaptaci&#xF3;n de un mito griego a formato de novela gr&#xE1;fica. Las ilustraciones, muy bien logradas, imprimen la acci&#xF3;n requerida para el relato. El texto y las im&#xE1;genes se complementan a la perfecci&#xF3;n para narrar fielmente la historia, sin desvirtuar la original. Al final, el autor ofrece un importante material complementario que analiza el significado filos&#xF3;fico y el patrimonio cultural del mito. Narra la historia del rey Acrisio y su hijo Perseo, quien seg&#xFA;n el or&#xE1;culo, dar&#xE1; muerte a su padre. Nada de lo que haga el rey podr&#xE1; burlar el vaticinio aunque el paso de los a&#xF1;os y la distancia parezcan interponerse. Esta es una adaptaci&#xF3;n de un mito griego a formato de novela gr&#xE1;fica. Las ilustraciones, muy bien logradas, imprimen la acci&#xF3;n requerida para el relato. El texto y las im&#xE1;genes se complementan a la perfecci&#xF3;n para narrar fielmente la historia, sin desvirtuar la original. Al final, el autor ofrece un importante material complementario que analiza el significado filos&#xF3;fico y el patrimonio cultural del mito. Narra la historia del rey Acrisio y su hijo Perseo, quien seg&#xFA;n el or&#xE1;culo, dar&#xE1; muerte a su padre. Nada de lo que haga el rey podr&#xE1; burlar el vaticinio aunque el paso de los a&#xF1;os y la distancia parezcan interponerse.</subfield>
  </datafield>
  <datafield tag="521" ind1=" " ind2=" ">
    <subfield code="a">Recomendado para un p&#xFA;blico infantil mayor de 9 a&#xF1;os</subfield>
  </datafield>
  <datafield tag="534" ind1=" " ind2=" ">
    <subfield code="t">Pers&#xE9;e et la Gorgone M&#xE9;duse</subfield>
  </datafield>
  <datafield tag="650" ind1="1" ind2="7">
    <subfield code="a">Tiras C&#xF3;micas, historietas francesas </subfield>
    <subfield code="y">Siglo XX</subfield>
    <subfield code="2">LEMB</subfield>
    <subfield code="9">111299</subfield>
  </datafield>
  <datafield tag="650" ind1="1" ind2="7">
    <subfield code="a">Literatura infantil francesa</subfield>
    <subfield code="y">Siglo XX</subfield>
    <subfield code="2">LEMB</subfield>
    <subfield code="9">186710</subfield>
  </datafield>
  <datafield tag="650" ind1="1" ind2="7">
    <subfield code="a">Autores franceses </subfield>
    <subfield code="y">Siglo XX</subfield>
    <subfield code="2">LEMB</subfield>
    <subfield code="9">17676</subfield>
  </datafield>
  <datafield tag="650" ind1="1" ind2="7">
    <subfield code="a">Mitolog&#xED;a griega</subfield>
    <subfield code="v">Tiras C&#xF3;micas, historietas, etc.</subfield>
    <subfield code="2">LEMB</subfield>
    <subfield code="9">186711</subfield>
  </datafield>
  <datafield tag="650" ind1="1" ind2="7">
    <subfield code="a">Mitolog&#xED;a cl&#xE1;sica </subfield>
    <subfield code="v">Tiras C&#xF3;micas, historietas, etc.</subfield>
    <subfield code="2">LEMB</subfield>
    <subfield code="9">186712</subfield>
  </datafield>
  <datafield tag="650" ind1="1" ind2="7">
    <subfield code="a">Dioses griegos</subfield>
    <subfield code="v">Tiras C&#xF3;micas, historietas, etc.</subfield>
    <subfield code="2">LEMB</subfield>
    <subfield code="9">186713</subfield>
  </datafield>
  <datafield tag="700" ind1="1" ind2=" ">
    <subfield code="a">Merino, Juan Fernando</subfield>
    <subfield code="d">1954- </subfield>
    <subfield code="e">traductor</subfield>
    <subfield code="9">186714</subfield>
  </datafield>
  <datafield tag="700" ind1="1" ind2=" ">
    <subfield code="a">Bruneau, Clotilde  </subfield>
    <subfield code="e">guionista</subfield>
    <subfield code="9">186715</subfield>
  </datafield>
  <datafield tag="700" ind1="1" ind2=" ">
    <subfield code="a">Poli,  Didier</subfield>
    <subfield code="e">ilustrador</subfield>
    <subfield code="9">186716</subfield>
  </datafield>
  <datafield tag="942" ind1=" " ind2=" ">
    <subfield code="c">BKLIT</subfield>
  </datafield>
  <datafield tag="999" ind1=" " ind2=" ">
    <subfield code="c">14351</subfield>
    <subfield code="d">14351</subfield>
  </datafield>
  <datafield tag="952" ind1=" " ind2=" ">
    <subfield code="0">0</subfield>
    <subfield code="1">0</subfield>
    <subfield code="2">ddc</subfield>
    <subfield code="4">0</subfield>
    <subfield code="7">0</subfield>
    <subfield code="8">LA</subfield>
    <subfield code="a">BPMOS</subfield>
    <subfield code="b">BPMOS</subfield>
    <subfield code="d">2022-06-09</subfield>
    <subfield code="e">Compra BPSJBM 2022</subfield>
    <subfield code="l">7</subfield>
    <subfield code="m">1</subfield>
    <subfield code="o">ANG FERp</subfield>
    <subfield code="p">MOS502437</subfield>
    <subfield code="r">2026-04-06</subfield>
    <subfield code="s">2026-03-26</subfield>
    <subfield code="t">ej 1</subfield>
    <subfield code="w">2022-06-09</subfield>
    <subfield code="y">BKLIT</subfield>
    <subfield code="z">Quince dias</subfield>
  </datafield>
  <datafield tag="952" ind1=" " ind2=" ">
    <subfield code="0">0</subfield>
    <subfield code="1">0</subfield>
    <subfield code="2">ddc</subfield>
    <subfield code="4">0</subfield>
    <subfield code="5">1</subfield>
    <subfield code="7">0</subfield>
    <subfield code="8">LA</subfield>
    <subfield code="a">BPMOS</subfield>
    <subfield code="b">BPMOS</subfield>
    <subfield code="c">FIC</subfield>
    <subfield code="d">2026-04-14</subfield>
    <subfield code="e">Compra 2025</subfield>
    <subfield code="i">NT</subfield>
    <subfield code="l">0</subfield>
    <subfield code="o">ANG FERp</subfield>
    <subfield code="p">MOS504872</subfield>
    <subfield code="r">2026-04-14</subfield>
    <subfield code="t">Ej.2</subfield>
    <subfield code="w">2026-04-14</subfield>
    <subfield code="y">BKLIT</subfield>
    <subfield code="z">Quince dias</subfield>
  </datafield>
</record>
